000 00642nam a2200181 a 4500
001 000040035
005 20201002033858.0
008 130823s2010 mx 000 0 spa d
020 _a9786070215346
040 _aDO-SdBNP
_bspa
_cBNPHU
100 1 _aKant, Emmanuel
_966276
245 1 0 _a¿Qué es ser ilustrado? /
_cEmmanuel Kant; prólogo, traducción y cronología de Dulce María Granja.
260 _aMéxico :
_bUniversidad Nacional Autónoma de México,
_c2010.
300 _a28 [36] ;
_c15 cm.
490 1 _aPequeños grandes ensayos
700 1 _aGranja, Dulce María
_epro., trad.
_966277
830 0 _aPequeños grandes ensayos
_966274
999 _c39525
_d39525